| 000 | 00000nam 2200000zi 4500 |
| 001 | 9.890373 |
| 003 | CaOODSP |
| 005 | 20221107172559 |
| 006 | m o d f |
| 007 | cr cn||||||||| |
| 008 | 200812s2020 onc ob f000 0 eng d |
| 040 | |aCaOODSP|beng|erda|cCaOODSP |
| 043 | |an-cn---|an-us---|an-mx--- |
| 086 | 1 |aRv55-8/11-5-17-2020E-PDF |
| 245 | 00|aCanada-United States-Mexico Agreement (CUSMA) rules of origin. |
| 264 | 1|aOttawa : |bCanada Border Services Agency = Agence des services frontaliers du Canada, |c2020. |
| 300 | |a1 online resource (2 pages). |
| 336 | |atext|btxt|2rdacontent |
| 337 | |acomputer|bc|2rdamedia |
| 338 | |aonline resource|bcr|2rdacarrier |
| 490 | 1 |aMemorandum, |x2369-2391 ; |vD11-5-17 |
| 500 | |aIssued also in French under title: Règles d'origine de l'Accord Canada–États-Unis–Mexique (ACEUM). |
| 500 | |a"Ottawa, July 28, 2020." |
| 500 | |aIssued also in HTML format. |
| 504 | |aIncludes bibliographical references. |
| 520 | |a"This new memorandum describes the Canada – United States – Mexico Agreement (CUSMA) Rules of Origin"--In brief. |
| 650 | 0|aFree trade|zNorth America. |
| 650 | 0|aCertificates of origin|zNorth America. |
| 710 | 2 |aCanada Border Services Agency, |eissuing body. |
| 775 | 08|tRègles d'origine de l'Accord Canada–États-Unis–Mexique (ACEUM).|w(CaOODSP)9.890375 |
| 830 | #0|aMemorandum (Canada Border Services Agency)|vD11-5-17.|w(CaOODSP)9.816825 |
| 856 | 40|qPDF|s141 KB|uhttps://publications.gc.ca/collections/collection_2020/asfc-cbsa/Rv55-8-11-5-17-2020-eng.pdf |
| 856 | 4 |qHTML|sN/A|uhttps://cbsa-asfc.gc.ca/publications/dm-md/d11/d11-5-17-eng.html |